=LDR 00000nam 2200000 4500 =001 INLIS000000000052292 =005 20180131085408 =035 ##$$a 0010-0118000480 =007 ta =008 180131###########################0###### =020 ##$$a 978-602-425-003-4 =082 ##$$a 658.5 =084 ##$$a 658.5 SOF m =100 #$$a Sofyan assauri =245 1#$$a Manajemen Operasi Produksi : $b Pencapaian sasaran Organisasi Berkesinabungan /$c Sofyan assauri =250 ##$$a Cet.3 =260 ##$$a Jakarta :$b Raja Grafindo Persada,$c 2016 =300 ##$$a xxiii, 341 hlm. : $b ilus, ; $c 25 cm. =500 ##$$a Biografi : hlm.337-341 =650 ##$$a Manajemen Produksi =504 ##$$a Bibliografi : hlm.335 =990 ##$$a 25522552 =990 ##$$a 25522552 =990 ##$$a 25522552 =990 ##$$a 25522552 =990 ##$$a 25522552 =990 ##$$a 21707001 =990 ##$$a 01201802552 =990 ##$$a 01201802553 =990 ##$$a 01201802554 =990 ##$$a 01201802555 =990 ##$$a 21707002 =990 ##$$a 01201802552 =990 ##$$a 01201802553 =990 ##$$a 01201802554 =990 ##$$a 21707001 =990 ##$$a 21707003 =990 ##$$a 01201802552 =990 ##$$a 01201802553 =990 ##$$a 21707002 =990 ##$$a 21707001 =990 ##$$a 21707004 =990 ##$$a 01201802552 =990 ##$$a 21707003 =990 ##$$a 21707002 =990 ##$$a 21707001 =990 ##$$a 21707005 =990 ##$$a 21707004 =990 ##$$a 21707003 =990 ##$$a 21707002 =990 ##$$a 21707001